| 000 | 00586 a2200181 4500 | ||
|---|---|---|---|
| 020 | _a0-13-640673-4 | ||
| 040 |
_aLibrary of Congress _bEnglish |
||
| 082 | _a005.74 | ||
| 245 | 0 | 0 |
_aOSF/Motif programmer's guide : revision 1.1 _cOpen Software Foundation. |
| 250 | _aRev. and updated. | ||
| 260 |
_aEnglewood Cliffs, N.J. : _bPrentice Hall, _ccop. 1991 |
||
| 300 | _aCa 700 s. (var. pag.) | ||
| 500 | _a"For OSF/Motif release 1.1." | ||
| 650 | 0 | _aX Window System (Computer system) | |
| 710 | 2 | _aOpen Software Foundation | |
| 740 | 0 | _aProgrammer's guide | |
| 942 |
_cBK _k005.74 OPE _2ddc |
||
| 999 |
_c6618 _d6618 |
||